جامع العلوم و الحكم في شرح خمسين حديثا مع جوامع الكلم / (رقم التسجيلة. 26559)
[ عرض عادي ]
| 000 -الفاتح | |
|---|---|
| عناصر البيانات ثابتة الطول | 01081cam a2200205 i 4500 |
| 005 - تاريخ ووقت آخر معاملة | |
| حقل ضبط | 20251110124051.0 |
| 008 - عناصر البيانات ثابتة الطول | |
| عناصر البيانات ثابتة الطول | 250721s1994 ua gr 000 0 ara d |
| 082 14 - رقم تصنيف ديوي العشري | |
| رقم التصنيف | 213 |
| رقم المادة | ر ج ب |
| 100 1# - مدخل رئيسي – اسم شخصي | |
| الاسم الشخصي | إبن رجب، زين الدين أبو الفرج عبد الرحمن |
| تواريخ خاصة بالشخص | توفي سنة 790 ه، |
| علاقة الشخص بالعمل/ دوره | مؤلف. |
| 245 10 - بيان العنوان | |
| العنوان | جامع العلوم و الحكم في شرح خمسين حديثا مع جوامع الكلم / |
| بيان المسؤولية | تأليف زين الدين أبو الفرج عبد الرحمن ابن رجب الحنبلي؛ تحقيق و دراسة طارق احمد محمد؛ مراجعة قسم التحقيق بدار الصحابة للتراث بطنطا. |
| 250 ## - بيان الطبعة | |
| بيان الطبعة | الطبعة الاولى. |
| 264 31 - بيانات النشر، التوزيع…إلخ | |
| مكان النشر، التوزيع...إلخ | القاهره : |
| اسم الناشر، الموزع...إلخ | دار الصحابه للتراث، |
| تاريخ النشر، التوزيع...إلخ | 1994. |
| 300 ## - الوصف المادي | |
| عدد الوحدات المكونة للوعاء | 2 مجلد. |
| 650 17 - مدخل إضافي بالموضوع - مصطلح موضوعي | |
| مصطلح موضوعي أو اسم جغرافي كعنصر مدخل | الإسلام. |
| 650 17 - مدخل إضافي بالموضوع - مصطلح موضوعي | |
| مصطلح موضوعي أو اسم جغرافي كعنصر مدخل | الحديث الشريف. |
| 700 1# - مدخل إضافي - اسم شخصي | |
| الاسم الشخصي | محمد،طارق احمد |
| علاقة الشخص بالعمل/ دوره | محقق. |
| 710 2# - مدخل إضافي - اسم هيئة | |
| اسم الهيئة أو السلطة المختصة كعنصر مدخل | قسم التحقيق بدار الصحابة للتراث بطنطا |
| علاقة الهيئة بالعمل/ دورالهئية | مراجع. |
| 942 ## - بيانات إضافية (كوها) | |
| نوع التنصيف | Dewey Decimal Classification |
| نوع المادة (كوها) | مراجع |
| حالة السحب | حالة الفقدان | مصدر التصنيف | حالة التلف | غير قابل للإعارة | المكتبة الرئيسية | المكتبة الحالية | موقع الرف | تاريخ التزويد | الرقم المتسلسل | Total Checkouts | رقم الإستدعاء | الباركود | تاريخ آخر ظهور | تاريخ الفاتورة | نوع المادة (كوها) | العملة |
|---|---|---|---|---|---|---|---|---|---|---|---|---|---|---|---|---|
| Dewey Decimal Classification | Not For Loan | المكتبة المركزية | المكتبة المركزية | مراجع | 06/07/2004 | 320932 | م / 213 / ر ج ب | 320932 | 28/07/2025 | 06/07/2004 | مراجع | |||||
| Dewey Decimal Classification | المكتبة المركزية | المكتبة المركزية | مراجع | 10/11/2025 | 320933 | م / 213 / ر ج ب | 320933 | 10/11/2025 | 10/11/2025 | مراجع | JOD |